| 000 | 00789cam a2200301 4500 | ||
|---|---|---|---|
| 008 | 090401t1987 xxu||||| |||| 00| 0 eng d | ||
| 020 | _a0903577356 | ||
| 035 | _a(Sirsi) u64216 | ||
| 041 | _aeng | ||
| 050 | _a333.00285 | ||
| 110 |
_aCommonwealth Association of Surveying and Land Economy _92570 |
||
| 245 | _aInformation technology | ||
| 260 |
_aLondon _bCASLE _c1987 |
||
| 300 | _a102p. ; 30cm. | ||
| 350 | _a10 | ||
| 490 |
_aProject Manual _v3 |
||
| 650 | _aCOMPUTERS | ||
| 650 | _aESTATE AGENCY | ||
| 650 | _aLAND ECONOMY | ||
| 650 | _aLAND SURVEYING | ||
| 650 | _aMANAGEMENT | ||
| 650 | _aPROPERTY | ||
| 650 | _aBUILT ENVIRONMENT-QUANTITY SURVEYING | ||
| 650 |
_aValuation _96273 |
||
| 700 |
_aMacLeary, Alistair. _xEditor |
||
| 942 | _n0 | ||
| 948 | _c04/03/1997 | ||
| 999 |
_c94657 _d94657 |
||